000 01111cam a22003377a 4500
003 CHAP
005 20220329143013.0
008 050621d1999 uk r 00110 eng d
010 _a90516
011 _a91488
020 _a0521607698
035 _a102047
040 _cCHAP
082 0 4 _a551.5
_bM52
100 0 0 _aMendelsohn, Robert
_eed.
_974566
245 1 4 _aThe impact of climate change on the United States economy
_c/ed. by Robert Mendelsohn and James E. Neumann
260 _aCambridge :
_bUniversity Press,
_c1999.
300 _a331 p.
590 _aBATCH-UPD
_b10
_c20130110
_lUCH01
_h0545
590 _aBATCH-UPD
_b10
_c20130110
_lUCH01
_h2355
590 _aBATCH-UPD
_b10
_c20130410
_lUCH01
_h0226
590 _aBATCH-UPD
_b10
_c20130914
_lUCH01
_h0822
590 _aCONVERSION
_b10
_c20130109
_lUCH01
_h1350
650 1 4 _aCambios climáticos.
_917792
650 1 4 _aPolítica económica
_xE.U.A.
_990503
700 0 _aNeumann, James E.
_eed.
_980934
901 _aBK
905 _aLilia
942 _cLIBRO
949 _a551.5 M52
_bBC
_cLIBRO
_d33724000973731
_eLIBRO
_gI.224688
_h106126
_i102047
_si
_t$707.00
999 _c90516
_d90516